Focus (Record no. 76186)
[ view plain ]
| 000 -LEADER | |
|---|---|
| fixed length control field | 00803cab a2200217 4500 |
| 001 - CONTROL NUMBER | |
| control field | ##L131596 |
| 008 - FIXED-LENGTH DATA ELEMENTS--GENERAL INFORMATION | |
| fixed length control field | 051118n2005 000 0 eng u |
| 035 ## - SYSTEM CONTROL NUMBER | |
| System control number | (Sirsi) u131596 |
| 041 0# - LANGUAGE CODE | |
| Language code of text/sound track or separate title | eng |
| 100 1# - MAIN ENTRY--PERSONAL NAME | |
| Personal name | Jack,Simon |
| 245 00 - TITLE STATEMENT | |
| Title | Focus |
| Remainder of title | industrial and distribution |
| 260 3# - PUBLICATION, DISTRIBUTION, ETC. | |
| Date of publication, distribution, etc. | 2005 |
| 490 #0 - SERIES STATEMENT | |
| Series statement | Estates Gazette |
| Volume/sequential designation | (0545) 12 November 2005, 107-145(12) |
| 520 ## - SUMMARY, ETC. | |
| Summary, etc. | Covers heavy investment by developers in speculative warehouses, provision of world-class distribution networks, the impact of further consolidation in the logistics industry on property requirements and a round-up of changes in logistics operations. |
| 590 ## - LOCAL NOTE (RLIN) | |
| Local note | IKA221105 |
| 690 ## - LOCAL SUBJECT ADDED ENTRY--TOPICAL TERM (OCLC, RLIN) | |
| Topical term or geographic name as entry element | PROPERTY-INDUSTRIAL PROPERTY |
| 700 1# - ADDED ENTRY--PERSONAL NAME | |
| Personal name | Elghamry, Nadia |
| 700 1# - ADDED ENTRY--PERSONAL NAME | |
| Personal name | Adshead, Antony |
| 700 1# - ADDED ENTRY--PERSONAL NAME | |
| Personal name | Crawford, David |
| 942 ## - ADDED ENTRY ELEMENTS (KOHA) | |
| Suppress in OPAC | 0 |
| Withdrawn status | Lost status | Source of classification or shelving scheme | Damaged status | Not for loan | Home library | Current library | Shelving location | Date acquired | Total Checkouts | Full call number | Barcode | Date last seen | Copy number | Price effective from | Koha item type |
|---|---|---|---|---|---|---|---|---|---|---|---|---|---|---|---|
| Dewey Decimal Classification | London | London | Journal article | 18/11/2005 | L131596 | 131596-1001 | 06/08/2019 | 1 | 06/08/2019 | Journal article |